[Event "MESRRK"]
[Site "?"]
[Date "2018.05.26"]
[Round "4.1"]
[White "Kostolansky, Sebastian Lukas"]
[Black "Domanskiy, Mykola"]
[Result "1-0"]
[BlackElo "1598"]
[WhiteElo "1923"]
[LiveChessVersion "1.4.8"]

1. e4 {[%clk 0:20:17]} e6 {[%clk 0:20:19]} 2. d4 {[%clk 0:20:25]} d5
{[%clk 0:20:28]} 3. exd5 {[%clk 0:19:44]} exd5 {[%clk 0:20:37]} 4. Nf3
{[%clk 0:19:53]} Bf5 {[%clk 0:20:43]} 5. Be2 {[%clk 0:19:45]} Nf6
{[%clk 0:20:50]} 6. O-O {[%clk 0:19:41]} c6 {[%clk 0:20:59]} 7. b3
{[%clk 0:19:18]} Nbd7 {[%clk 0:21:05]} 8. Bb2 {[%clk 0:19:24]} Bd6
{[%clk 0:21:14]} 9. Nbd2 {[%clk 0:19:09]} Qc7 {[%clk 0:19:45]} 10. c4
{[%clk 0:18:13]} O-O {[%clk 0:18:30]} 11. cxd5 {[%clk 0:15:40]} Nxd5
{[%clk 0:18:34]} 12. Nc4 {[%clk 0:15:40]} Nf4 {[%clk 0:17:49]} 13. Nfe5
{[%clk 0:10:47]} Nxe2+ {[%clk 0:17:45]} 14. Qxe2 {[%clk 0:10:53]} Rfe8
{[%clk 0:16:11]} 15. Qf3 {[%clk 0:08:10]} Bxe5 {[%clk 0:13:53]} 16. dxe5
{[%clk 0:07:56]} Bg6 {[%clk 0:13:12]} 17. Qg4 {[%clk 0:06:37]} b5
{[%clk 0:10:22]} 18. Nd6 {[%clk 0:06:43]} Red8 {[%clk 0:07:41]} 19. f4
{[%clk 0:05:56]} h5 {[%clk 0:07:43]} 20. Qg3 {[%clk 0:03:50]} Nf8
{[%clk 0:06:49]} 21. f5 {[%clk 0:03:18]} Bh7 {[%clk 0:06:59]} 22. e6
{[%clk 0:01:15]} fxe6 {[%clk 0:06:54]} 23. fxe6 {[%clk 0:01:01]} Nxe6
{[%clk 0:02:18]} 24. Rf7 Rd7 25. Rxd7 {[%clk 0:00:32]} Qxd7 {[%clk 0:02:34]} 26.
Re1 {[%clk 0:00:33]} Nf8 {[%clk 0:01:59]} 27. Ne8 {[%clk 0:00:33]} Rxe8
{[%clk 0:01:16]} 28. Rxe8 {[%clk 0:00:41]} Bg6 {[%clk 0:01:25]} 29. Re1
{[%clk 0:00:47]} Qd2 {[%clk 0:01:13]} 30. Qe5 {[%clk 0:00:49]} Qh6
{[%clk 0:00:55]} 31. Bc1 {[%clk 0:00:47]} Qh7 {[%clk 0:00:56]} 32. Ba3
{[%clk 0:00:54]} Qh6 {[%clk 0:00:37]} 33. Rf1 {[%clk 0:00:34]} Bf7
{[%clk 0:00:44]} 34. Qe7 {[%clk 0:00:42]} 1-0

[Event "MESRRK"]
[Site "?"]
[Date "2018.05.26"]
[Round "4.2"]
[White "Stevik, Patrik"]
[Black "Paseka, Matyas"]
[Result "0-1"]
[BlackElo "1651"]
[WhiteElo "1609"]
[LiveChessVersion "1.4.8"]

1. e4 {[%clk 0:20:18]} c5 {[%clk 0:20:19]} 2. Nf3 {[%clk 0:20:27]} d6
{[%clk 0:20:28]} 3. d4 {[%clk 0:20:36]} cxd4 4. Nxd4 Nf6 {[%clk 0:20:38]} 5. Nc3
{[%clk 0:20:55]} a6 {[%clk 0:20:47]} 6. h3 {[%clk 0:21:03]} e5 {[%clk 0:20:43]}
7. Nde2 {[%clk 0:21:08]} Be6 {[%clk 0:20:19]} 8. g4 {[%clk 0:21:07]} Be7
{[%clk 0:19:32]} 9. Bg2 {[%clk 0:21:15]} Nc6 {[%clk 0:18:34]} 10. O-O
{[%clk 0:21:21]} O-O {[%clk 0:18:31]} 11. Ng3 {[%clk 0:21:27]} b5
{[%clk 0:17:14]} 12. Be3 {[%clk 0:21:28]} g6 {[%clk 0:16:56]} 13. Nce2
{[%clk 0:20:48]} d5 {[%clk 0:14:26]} 14. g5 {[%clk 0:19:51]} Nxe4
{[%clk 0:13:58]} 15. Nxe4 {[%clk 0:19:59]} dxe4 {[%clk 0:14:04]} 16. Bxe4
{[%clk 0:19:36]} Bxh3 {[%clk 0:11:39]} 17. Qxd8 {[%clk 0:19:19]} Rfxd8
{[%clk 0:11:17]} 18. Bxc6 {[%clk 0:19:28]} Bxf1 {[%clk 0:11:25]} 19. Kxf1
{[%clk 0:19:13]} Rac8 {[%clk 0:11:18]} 20. Be4 {[%clk 0:19:11]} Rc4
{[%clk 0:11:14]} 21. Bd3 {[%clk 0:18:25]} Rg4 {[%clk 0:11:09]} 22. f3
{[%clk 0:18:20]} Rb4 {[%clk 0:09:34]} 23. a3 {[%clk 0:17:34]} Rh4
{[%clk 0:08:25]} 24. Kg2 {[%clk 0:17:35]} f5 {[%clk 0:06:54]} 25. gxf6
{[%clk 0:17:43]} Bxf6 {[%clk 0:07:02]} 26. Ng3 {[%clk 0:17:30]} e4
{[%clk 0:03:48]} 27. Nxe4 {[%clk 0:17:23]} Bxb2 {[%clk 0:03:56]} 28. Ra2
{[%clk 0:17:08]} Be5 {[%clk 0:03:45]} 29. Nf2 {[%clk 0:15:58]} Bf4
{[%clk 0:02:53]} 30. Bxf4 {[%clk 0:15:04]} Rxf4 {[%clk 0:03:00]} 31. Nh3
{[%clk 0:14:59]} Rf6 {[%clk 0:01:45]} 32. a4 {[%clk 0:14:59]} b4 {[%clk 0:01:38]}
33. Rb2 {[%clk 0:15:05]} a5 {[%clk 0:01:46]} 34. Ng5 {[%clk 0:15:02]} Rc6
{[%clk 0:01:08]} 35. Rb3 {[%clk 0:14:41]} h6 {[%clk 0:00:28]} 36. Ne4
{[%clk 0:14:39]} Kg7 {[%clk 0:00:35]} 37. Nd2 {[%clk 0:14:36]} Rdc8
{[%clk 0:00:20]} 38. Nc4 {[%clk 0:14:41]} Rxc4 {[%clk 0:00:27]} 39. Bxc4
{[%clk 0:14:48]} Rxc4 {[%clk 0:00:35]} 40. Rb2 {[%clk 0:14:57]} Rc3
{[%clk 0:00:44]} 41. Kf2 {[%clk 0:15:01]} Ra3 {[%clk 0:00:51]} 42. Ke2
{[%clk 0:15:07]} Rxa4 {[%clk 0:00:58]} 43. Ke3 {[%clk 0:15:16]} Ra3+
{[%clk 0:01:07]} 44. Ke4 {[%clk 0:15:26]} Kf6 {[%clk 0:01:10]} 45. Rb1
{[%clk 0:15:34]} Rc3 {[%clk 0:01:18]} 46. Ra1 {[%clk 0:15:39]} Ra3
{[%clk 0:01:24]} 47. Rd1 {[%clk 0:15:47]} Ke6 {[%clk 0:01:25]} 48. Rg1
{[%clk 0:15:51]} Kf7 {[%clk 0:01:26]} 49. Rd1 {[%clk 0:15:57]} Ra2
{[%clk 0:01:27]} 50. Rd7+ {[%clk 0:16:03]} Ke6 {[%clk 0:01:31]} 51. Rc7
{[%clk 0:16:12]} a4 {[%clk 0:01:29]} 52. Rc6+ {[%clk 0:16:12]} Kd7
{[%clk 0:01:18]} 53. Rb6 {[%clk 0:16:04]} Rb2 {[%clk 0:01:22]} 54. Rxg6
{[%clk 0:16:12]} a3 {[%clk 0:01:23]} 55. Kd3 {[%clk 0:16:10]} a2 {[%clk 0:01:02]}
56. Ra6 {[%clk 0:16:19]} h5 {[%clk 0:01:10]} 57. f4 {[%clk 0:16:25]} h4
{[%clk 0:01:18]} 58. f5 {[%clk 0:16:35]} h3 {[%clk 0:01:17]} 59. f6
{[%clk 0:16:44]} h2 {[%clk 0:01:15]} 60. Ra7+ {[%clk 0:16:53]} Ke8
{[%clk 0:01:21]} 61. f7+ {[%clk 0:16:56]} Kf8 {[%clk 0:01:30]} 62. Ra8+
{[%clk 0:17:03]} Kxf7 {[%clk 0:01:38]} 63. Ra7+ {[%clk 0:17:12]} Kg6
{[%clk 0:01:45]} 64. Ra6+ {[%clk 0:17:21]} Kg5 {[%clk 0:01:53]} 65. Ra5+
{[%clk 0:17:30]} Kg4 {[%clk 0:02:02]} 66. c4 {[%clk 0:17:36]} h1=Q
{[%clk 0:02:05]} 67. c5 {[%clk 0:17:44]} Qf3+ {[%clk 0:02:09]} 68. Kc4
{[%clk 0:17:53]} Qb3+ {[%clk 0:02:03]} 69. Kd4 {[%clk 0:18:00]} Rd2+
{[%clk 0:02:10]} 70. Ke5 {[%clk 0:18:06]} Qd5+ {[%clk 0:02:17]} 71. Kf6
{[%clk 0:18:13]} Rf2+ {[%clk 0:02:25]} 72. Ke7 {[%clk 0:18:21]} Rf7+
{[%clk 0:02:32]} 0-1

[Event "MESRRK"]
[Site "?"]
[Date "2018.05.26"]
[Round "4.3"]
[White "Salgovic, Simon"]
[Black "Rakovsky, Jakub"]
[Result "0-1"]
[BlackElo "1114"]
[WhiteElo "1643"]
[LiveChessVersion "1.4.8"]

1. e4 {[%clk 0:20:18]} c5 {[%clk 0:20:18]} 2. Nf3 {[%clk 0:20:25]} d6
{[%clk 0:20:22]} 3. d4 {[%clk 0:20:32]} cxd4 {[%clk 0:20:16]} 4. Nxd4
{[%clk 0:20:40]} g6 {[%clk 0:20:18]} 5. Nc3 {[%clk 0:20:28]} Bg7 {[%clk 0:20:26]}
6. Be3 {[%clk 0:20:35]} Nc6 {[%clk 0:20:35]} 7. Qd2 {[%clk 0:20:06]} Bd7
{[%clk 0:20:24]} 8. O-O-O {[%clk 0:19:29]} Nf6 {[%clk 0:20:10]} 9. f3
{[%clk 0:19:26]} a6 {[%clk 0:20:07]} 10. h4 {[%clk 0:19:10]} Rc8 {[%clk 0:19:32]}
11. g4 {[%clk 0:18:49]} b5 {[%clk 0:19:15]} 12. Bh6 {[%clk 0:17:19]} Bxh6
{[%clk 0:13:32]} 13. Qxh6 {[%clk 0:17:06]} Nxd4 {[%clk 0:13:32]} 14. Rxd4
{[%clk 0:17:06]} Qb6 {[%clk 0:13:32]} 15. Rd3 {[%clk 0:17:06]} b4
{[%clk 0:13:32]} 16. Nd5 {[%clk 0:17:06]} Nxd5 {[%clk 0:13:32]} 17. exd5
{[%clk 0:17:06]} Qc5 {[%clk 0:13:32]} 18. Rd2 {[%clk 0:17:06]} a5
{[%clk 0:13:32]} 19. Qg7 {[%clk 0:17:06]} Rf8 {[%clk 0:13:32]} 20. Bh3
{[%clk 0:17:06]} Qe3 {[%clk 0:13:32]} 21. Qd4 {[%clk 0:17:06]} Qxf3
{[%clk 0:05:00]} 22. Rhh2 {[%clk 0:01:58]} b3 {[%clk 0:04:07]} 23. axb3
{[%clk 0:01:40]} Qxb3 {[%clk 0:04:04]} 24. Rd3 {[%clk 0:01:05]} Qc4
{[%clk 0:03:46]} 25. Qe3 {[%clk 0:01:00]} Kd8 {[%clk 0:02:58]} 26. Re2
{[%clk 0:01:01]} Re8 {[%clk 0:03:07]} 27. Rc3 {[%clk 0:01:02]} Qa6
{[%clk 0:02:51]} 28. Rf2 {[%clk 0:00:48]} f6 {[%clk 0:02:44]} 29. Rf3
{[%clk 0:00:38]} Rxc3 {[%clk 0:02:51]} 30. Qxc3 {[%clk 0:00:47]} a4
{[%clk 0:02:48]} 31. Rf4 {[%clk 0:00:51]} Qc8 {[%clk 0:02:56]} 32. Qa5+
{[%clk 0:00:57]} Qc7 {[%clk 0:03:00]} 33. Qd2 {[%clk 0:01:01]} Qa7
{[%clk 0:03:00]} 34. Rf1 {[%clk 0:01:06]} a3 {[%clk 0:03:06]} 35. Kb1
{[%clk 0:01:01]} Qb6 {[%clk 0:02:49]} 36. Qc3 {[%clk 0:01:03]} Qxb2+
{[%clk 0:02:57]} 37. Qxb2 {[%clk 0:01:12]} axb2 {[%clk 0:03:06]} 38. Kxb2
{[%clk 0:01:21]} Kc7 {[%clk 0:03:15]} 39. Kc3 {[%clk 0:01:28]} Ra8
{[%clk 0:03:17]} 40. Kd4 {[%clk 0:01:29]} Ra4+ {[%clk 0:03:25]} 41. c4
{[%clk 0:01:35]} e5+ {[%clk 0:03:19]} 42. dxe6 {[%clk 0:01:29]} Bxe6
{[%clk 0:03:28]} 43. Rxf6 {[%clk 0:01:31]} Bxc4 {[%clk 0:03:06]} 44. Kc3
{[%clk 0:01:34]} Bg8 {[%clk 0:02:52]} 45. Kb2 {[%clk 0:01:11]} Ra2+
{[%clk 0:03:01]} 46. Kc1 {[%clk 0:01:11]} Rh2 {[%clk 0:03:05]} 47. Rf3
{[%clk 0:01:20]} Kc6 {[%clk 0:03:10]} 48. Kd1 {[%clk 0:00:54]} Be6
{[%clk 0:03:14]} 49. Rg3 {[%clk 0:00:57]} Kc5 {[%clk 0:03:03]} 50. Ke1
{[%clk 0:00:57]} Kd4 {[%clk 0:03:07]} 51. Kf1 {[%clk 0:00:37]} d5
{[%clk 0:03:11]} 52. Kg1 {[%clk 0:00:44]} Rb2 {[%clk 0:03:18]} 53. Ra3
{[%clk 0:00:42]} Rc2 {[%clk 0:03:16]} 54. Ra4+ {[%clk 0:00:47]} Rc4
{[%clk 0:03:17]} 55. Ra3 {[%clk 0:00:56]} Rc3 {[%clk 0:03:19]} 56. Ra4+
{[%clk 0:01:03]} Ke3 {[%clk 0:03:19]} 57. Bg2 {[%clk 0:00:53]} d4
{[%clk 0:03:22]} 58. Ra5 {[%clk 0:00:51]} Bxg4 {[%clk 0:03:17]} 59. Rg5
{[%clk 0:00:44]} Bf5 {[%clk 0:03:16]} 60. h5 {[%clk 0:00:47]} Kd2
{[%clk 0:03:11]} 61. hxg6 {[%clk 0:00:45]} hxg6 {[%clk 0:03:13]} 62. Kf2
{[%clk 0:00:49]} d3 {[%clk 0:03:18]} 63. Rg3 {[%clk 0:00:53]} Kc2
{[%clk 0:03:25]} 64. Bf3 {[%clk 0:00:25]} Kc1 {[%clk 0:03:16]} 65. Rg1+
{[%clk 0:00:34]} Kb2 {[%clk 0:03:17]} 66. Rd1 {[%clk 0:00:41]} Rc2+
{[%clk 0:02:52]} 67. Ke3 {[%clk 0:00:43]} Kc3 {[%clk 0:03:01]} 68. Be4
{[%clk 0:00:16]} Re2+ {[%clk 0:02:52]} 69. Kf3 {[%clk 0:00:20]} Bxe4+
{[%clk 0:03:00]} 0-1

[Event "MESRRK"]
[Site "?"]
[Date "2018.05.26"]
[Round "4.4"]
[White "Trasakova, Adela"]
[Black "Kovalskyi, Roman"]
[Result "0-1"]
[BlackElo "1610"]
[WhiteElo "1266"]
[LiveChessVersion "1.4.8"]

1. d4 {[%clk 0:20:17]} Nf6 {[%clk 0:20:19]} 2. Bf4 {[%clk 0:20:24]} e6
{[%clk 0:20:22]} 3. Nd2 {[%clk 0:20:18]} d5 {[%clk 0:20:26]} 4. e3
{[%clk 0:20:22]} Bd6 {[%clk 0:20:34]} 5. c3 {[%clk 0:19:51]} O-O {[%clk 0:20:37]}
6. Ngf3 {[%clk 0:19:58]} c5 {[%clk 0:20:43]} 7. Bg3 {[%clk 0:19:56]} Nc6
{[%clk 0:20:49]} 8. Bd3 {[%clk 0:20:03]} Qc7 {[%clk 0:20:27]} 9. O-O
{[%clk 0:19:57]} b6 {[%clk 0:19:55]} 10. Qe2 {[%clk 0:19:49]} Bb7
{[%clk 0:19:50]} 11. dxc5 {[%clk 0:19:34]} bxc5 {[%clk 0:19:57]} 12. e4
{[%clk 0:19:39]} Bxg3 {[%clk 0:19:43]} 13. hxg3 {[%clk 0:19:39]} c4
{[%clk 0:19:47]} 14. Bc2 {[%clk 0:19:35]} Rfd8 {[%clk 0:19:25]} 15. exd5
{[%clk 0:18:33]} exd5 {[%clk 0:19:32]} 16. Rfe1 {[%clk 0:18:06]} Re8
{[%clk 0:19:38]} 17. Qf1 {[%clk 0:18:10]} Nd7 {[%clk 0:19:15]} 18. Re2
{[%clk 0:17:13]} Nde5 {[%clk 0:19:03]} 19. Rae1 {[%clk 0:16:29]} Re7
{[%clk 0:15:11]} 20. Ba4 {[%clk 0:12:18]} Nd3 {[%clk 0:10:28]} 21. Rxe7
{[%clk 0:09:14]} Nxe7 {[%clk 0:10:35]} 22. Rb1 {[%clk 0:07:51]} Nf5
{[%clk 0:10:09]} 23. Bc2 {[%clk 0:07:13]} Qb6 {[%clk 0:08:36]} 24. Bxd3
{[%clk 0:04:15]} cxd3 {[%clk 0:07:45]} 25. Qxd3 {[%clk 0:03:50]} Nxg3
{[%clk 0:06:12]} 26. Ng5 {[%clk 0:03:32]} Ne4 {[%clk 0:06:21]} 27. Ndxe4
{[%clk 0:02:59]} dxe4 {[%clk 0:06:29]} 28. Qc4 {[%clk 0:02:12]} Qg6
{[%clk 0:05:52]} 29. Qb5 {[%clk 0:01:25]} Bc6 {[%clk 0:04:36]} 30. Qa5
{[%clk 0:00:33]} h6 {[%clk 0:04:37]} 31. Nh3 {[%clk 0:00:28]} e3 {[%clk 0:04:44]}
32. g3 {[%clk 0:00:30]} Qxb1+ 0-1

[Event "MESRRK"]
[Site "?"]
[Date "2018.05.26"]
[Round "4.5"]
[White "Juchelka, Marek"]
[Black "Boba, Dominik"]
[Result "1-0"]
[BlackElo "1430"]
[WhiteElo "1388"]
[LiveChessVersion "1.4.8"]

1. e4 {[%clk 0:20:15]} c5 {[%clk 0:20:18]} 2. Nf3 {[%clk 0:20:23]} d6
{[%clk 0:20:27]} 3. d4 {[%clk 0:20:30]} cxd4 {[%clk 0:20:36]} 4. Nxd4
{[%clk 0:20:38]} Nf6 {[%clk 0:20:44]} 5. Nc3 {[%clk 0:20:47]} g6 {[%clk 0:20:53]}
6. Be2 {[%clk 0:20:51]} Bg7 {[%clk 0:21:00]} 7. Be3 {[%clk 0:20:59]} Bd7
{[%clk 0:20:56]} 8. O-O {[%clk 0:21:01]} O-O {[%clk 0:21:00]} 9. Qd2
{[%clk 0:21:09]} Nc6 {[%clk 0:21:00]} 10. Rad1 {[%clk 0:21:16]} a6
{[%clk 0:20:51]} 11. f4 {[%clk 0:21:04]} b5 {[%clk 0:19:50]} 12. a3
{[%clk 0:20:54]} Rc8 {[%clk 0:19:27]} 13. Nf3 {[%clk 0:20:47]} Ng4
{[%clk 0:18:38]} 14. Nd5 {[%clk 0:19:37]} Nxe3 {[%clk 0:17:54]} 15. Qxe3
{[%clk 0:19:37]} Bg4 {[%clk 0:15:02]} 16. h3 {[%clk 0:19:30]} Bxf3
{[%clk 0:14:05]} 17. Bxf3 {[%clk 0:19:30]} Qe8 {[%clk 0:09:23]} 18. c3
{[%clk 0:18:35]} a5 {[%clk 0:08:36]} 19. f5 {[%clk 0:16:49]} Ne5 {[%clk 0:07:45]}
20. Qa7 {[%clk 0:16:38]} Nc6 {[%clk 0:07:27]} 21. Qe3 {[%clk 0:16:00]} a4
{[%clk 0:06:25]} 22. Qg5 {[%clk 0:14:20]} h6 {[%clk 0:05:24]} 23. Qh4
{[%clk 0:14:07]} Qd8 {[%clk 0:03:53]} 24. Be2 {[%clk 0:13:29]} Rb8
{[%clk 0:03:49]} 25. f6 {[%clk 0:13:13]} g5 {[%clk 0:03:00]} 26. Qf2
{[%clk 0:13:06]} exf6 {[%clk 0:02:47]} 27. Nxf6+ {[%clk 0:13:11]} Kh8
{[%clk 0:02:17]} 28. Nh5 {[%clk 0:12:45]} Qe7 {[%clk 0:01:16]} 29. Nxg7
{[%clk 0:11:55]} Kxg7 {[%clk 0:01:25]} 30. Rd5 {[%clk 0:11:23]} f6
{[%clk 0:00:54]} 31. Bxb5 {[%clk 0:10:49]} Nd8 {[%clk 0:00:43]} 32. Bd3
{[%clk 0:09:11]} Nf7 {[%clk 0:00:39]} 33. Qf5 {[%clk 0:08:40]} Ne5
{[%clk 0:00:37]} 34. Rf2 {[%clk 0:08:03]} Rb6 {[%clk 0:00:35]} 35. g3
{[%clk 0:06:22]} Rfb8 {[%clk 0:00:41]} 36. h4 {[%clk 0:06:07]} Rxb2
{[%clk 0:00:45]} 37. Rxb2 {[%clk 0:05:51]} Rxb2 {[%clk 0:00:54]} 38. h5
{[%clk 0:05:37]} Rb3 {[%clk 0:00:41]} 39. Bc2 {[%clk 0:01:58]} Rxc3
{[%clk 0:00:46]} 40. Bxa4 {[%clk 0:02:05]} Rxg3+ {[%clk 0:00:53]} 41. Kh2 Rxa3
{[%clk 0:00:57]} 42. Bd1 {[%clk 0:01:04]} Ra2+ {[%clk 0:00:43]} 43. Kg3
{[%clk 0:01:06]} Ra1 {[%clk 0:00:38]} 44. Kf2 {[%clk 0:00:51]} Ra6
{[%clk 0:00:36]} 45. Bb3 {[%clk 0:00:52]} Rb6 {[%clk 0:00:37]} 46. Rxe5
{[%clk 0:00:52]} Qc7 {[%clk 0:00:19]} 47. Qg6+ {[%clk 0:01:00]} Kf8
{[%clk 0:00:23]} 48. Re8# 1-0

[Event "MESRRK"]
[Site "?"]
[Date "2018.05.26"]
[Round "4.6"]
[White "Lovcican, Tomas"]
[Black "Sulcova, Tereza"]
[Result "1-0"]
[BlackElo "1302"]
[WhiteElo "1547"]
[LiveChessVersion "1.4.8"]

1. d4 {[%clk 0:20:18]} Nf6 {[%clk 0:20:18]} 2. Nf3 {[%clk 0:20:26]} g6
{[%clk 0:20:25]} 3. c4 {[%clk 0:20:34]} Bg7 {[%clk 0:20:32]} 4. Nc3
{[%clk 0:20:42]} d5 {[%clk 0:20:37]} 5. Bf4 {[%clk 0:20:32]} O-O {[%clk 0:20:36]}
6. e3 {[%clk 0:20:41]} Bf5 {[%clk 0:20:23]} 7. cxd5 {[%clk 0:20:29]} Nxd5
{[%clk 0:20:16]} 8. Nxd5 {[%clk 0:20:29]} Qxd5 {[%clk 0:20:18]} 9. Bxc7
{[%clk 0:20:30]} Nc6 {[%clk 0:20:17]} 10. Bd3 {[%clk 0:19:46]} Rac8
{[%clk 0:19:55]} 11. Bf4 {[%clk 0:19:00]} Qa5+ {[%clk 0:19:18]} 12. Kf1
{[%clk 0:18:14]} Bg4 {[%clk 0:18:41]} 13. h3 {[%clk 0:17:35]} Bxf3
{[%clk 0:18:37]} 14. Qxf3 {[%clk 0:17:41]} Qd2 {[%clk 0:18:15]} 15. Qe2
{[%clk 0:17:25]} Qxe2+ {[%clk 0:18:11]} 16. Kxe2 {[%clk 0:17:33]} Nb4
{[%clk 0:18:17]} 17. a3 {[%clk 0:16:01]} Nxd3 {[%clk 0:18:02]} 18. Kxd3
{[%clk 0:16:10]} Rc6 {[%clk 0:18:03]} 19. Rac1 {[%clk 0:15:56]} Rfc8
{[%clk 0:18:09]} 20. e4 {[%clk 0:15:46]} Kf8 {[%clk 0:17:28]} 21. d5
{[%clk 0:14:11]} Rxc1 {[%clk 0:16:10]} 22. Rxc1 {[%clk 0:14:20]} Rxc1
{[%clk 0:15:55]} 23. Bxc1 {[%clk 0:14:28]} Ke8 {[%clk 0:16:02]} 24. Kc4
{[%clk 0:14:20]} Kd7 {[%clk 0:16:09]} 25. b3 {[%clk 0:14:27]} b6 {[%clk 0:16:04]}
26. Kb5 {[%clk 0:13:23]} Kc7 {[%clk 0:16:01]} 27. Bf4+ {[%clk 0:13:13]} Kb7
{[%clk 0:16:06]} 28. e5 {[%clk 0:13:04]} Bf8 {[%clk 0:15:34]} 29. a4
{[%clk 0:12:01]} a6+ {[%clk 0:13:58]} 30. Kc4 {[%clk 0:12:09]} e6
{[%clk 0:12:54]} 31. Bd2 {[%clk 0:11:27]} Bc5 {[%clk 0:12:43]} 32. f3
{[%clk 0:11:02]} Kc7 {[%clk 0:12:33]} 33. b4 {[%clk 0:10:43]} Bf2
{[%clk 0:12:26]} 34. d6+ {[%clk 0:09:12]} Kc6 {[%clk 0:11:57]} 35. b5+
{[%clk 0:09:20]} axb5+ {[%clk 0:12:03]} 36. axb5+ {[%clk 0:09:29]} Kd7
{[%clk 0:12:10]} 37. Kd3 {[%clk 0:09:09]} Bg3 {[%clk 0:12:04]} 38. f4
{[%clk 0:08:57]} Bh4 {[%clk 0:12:06]} 39. Ke4 {[%clk 0:08:49]} f5+
{[%clk 0:11:31]} 40. Kf3 {[%clk 0:08:30]} Bd8 {[%clk 0:11:11]} 41. g4
{[%clk 0:07:54]} h5 {[%clk 0:11:00]} 42. Be3 {[%clk 0:07:31]} Kc8
{[%clk 0:11:03]} 43. Bf2 {[%clk 0:04:44]} Kb7 {[%clk 0:10:21]} 44. Kg3
{[%clk 0:03:32]} h4+ {[%clk 0:08:36]} 45. Kf3 {[%clk 0:03:32]} Kc8
{[%clk 0:08:39]} 46. g5 {[%clk 0:03:18]} Kb7 {[%clk 0:08:37]} 47. Bxh4
{[%clk 0:03:27]} Kc8 {[%clk 0:08:42]} 48. Bf2 {[%clk 0:03:29]} Kb7
{[%clk 0:08:50]} 49. Kg3 {[%clk 0:03:37]} Kc8 {[%clk 0:08:44]} 50. h4
{[%clk 0:03:47]} Kd7 {[%clk 0:08:50]} 51. h5 {[%clk 0:03:51]} Ke8
{[%clk 0:07:51]} 52. hxg6 {[%clk 0:03:49]} Kf8 {[%clk 0:07:59]} 53. Kh4
{[%clk 0:03:57]} Kg8 {[%clk 0:08:06]} 54. Kh5 {[%clk 0:04:06]} Kg7
{[%clk 0:08:13]} 55. Bd4 {[%clk 0:04:08]} Kg8 {[%clk 0:08:16]} 56. Kh6
{[%clk 0:04:14]} Kh8 {[%clk 0:08:23]} 57. Be3 {[%clk 0:03:45]} Kg8
{[%clk 0:07:56]} 58. g7 {[%clk 0:03:54]} Kf7 {[%clk 0:08:02]} 59. Kh7
{[%clk 0:04:00]} Ke8 {[%clk 0:08:05]} 60. g8=Q+ {[%clk 0:04:08]} Kd7
{[%clk 0:08:13]} 61. Qxd8+ {[%clk 0:04:15]} Kxd8 {[%clk 0:08:22]} 62. Bxb6+
{[%clk 0:04:23]} Kc8 {[%clk 0:08:30]} 63. Bc7 {[%clk 0:04:29]} Kd7
{[%clk 0:08:29]} 64. g6 {[%clk 0:04:34]} Kc8 {[%clk 0:08:38]} 65. g7
{[%clk 0:04:41]} Kd7 {[%clk 0:08:46]} 66. b6 {[%clk 0:04:47]} Kc8
{[%clk 0:08:55]} 67. g8=Q+ {[%clk 0:04:54]} Kd7 {[%clk 0:09:04]} 68. Qd8+
{[%clk 0:04:54]} Kc6 {[%clk 0:09:13]} 69. Qa8+ {[%clk 0:04:54]} Kd7
{[%clk 0:09:21]} 70. b7 {[%clk 0:04:54]} Kc6 {[%clk 0:09:29]} 71. b8=Q+
{[%clk 0:05:01]} Kd7 {[%clk 0:09:38]} 72. Qd8# 1-0

[Event "MESRRK"]
[Site "?"]
[Date "2018.05.26"]
[Round "4.8"]
[White "Zumrik, Lukas"]
[Black "Banas, Kamil"]
[Result "1-0"]
[BlackElo "1308"]
[WhiteElo "1440"]
[LiveChessVersion "1.4.8"]

1. d4 {[%clk 0:20:18]} d5 {[%clk 0:20:18]} 2. c4 {[%clk 0:20:26]} e6
{[%clk 0:20:27]} 3. Nc3 {[%clk 0:20:34]} Nf6 {[%clk 0:20:31]} 4. cxd5
{[%clk 0:20:42]} exd5 {[%clk 0:20:37]} 5. Bg5 {[%clk 0:20:48]} Be7
{[%clk 0:20:41]} 6. e3 {[%clk 0:20:55]} O-O {[%clk 0:20:45]} 7. Bd3
{[%clk 0:21:02]} c6 {[%clk 0:19:57]} 8. Qc2 {[%clk 0:21:08]} Nbd7
{[%clk 0:19:58]} 9. Nge2 {[%clk 0:21:13]} h6 {[%clk 0:19:46]} 10. Bh4
{[%clk 0:21:19]} Nb6 {[%clk 0:18:58]} 11. O-O-O {[%clk 0:21:01]} Be6
{[%clk 0:19:00]} 12. Kb1 {[%clk 0:21:09]} Nbd7 {[%clk 0:19:06]} 13. h3
{[%clk 0:21:09]} Qc7 {[%clk 0:19:02]} 14. g4 {[%clk 0:21:07]} b5 {[%clk 0:18:43]}
15. f4 {[%clk 0:21:05]} a6 {[%clk 0:17:07]} 16. f5 {[%clk 0:21:13]} g5
{[%clk 0:13:55]} 17. Bg3 {[%clk 0:21:19]} Bd6 {[%clk 0:13:35]} 18. Bxd6
{[%clk 0:21:26]} Qxd6 {[%clk 0:13:43]} 19. fxe6 {[%clk 0:21:34]} Qxe6
{[%clk 0:13:40]} 20. Qd2 {[%clk 0:21:24]} Nb6 {[%clk 0:13:20]} 21. Ng3
{[%clk 0:20:56]} Qd6 {[%clk 0:13:10]} 22. Nf5 {[%clk 0:21:03]} Qe6
{[%clk 0:12:26]} 23. Nxh6+ {[%clk 0:21:09]} Kh8 {[%clk 0:12:07]} 24. Nf5
{[%clk 0:20:51]} Rfe8 {[%clk 0:11:21]} 25. h4 {[%clk 0:20:20]} Nxg4
{[%clk 0:10:15]} 26. hxg5+ {[%clk 0:20:28]} Kg8 {[%clk 0:10:06]} 27. Nh6+
{[%clk 0:20:11]} Nxh6 {[%clk 0:10:06]} 28. Rxh6 {[%clk 0:20:20]} Qxe3
{[%clk 0:09:58]} 29. Qxe3 {[%clk 0:20:28]} Rxe3 {[%clk 0:10:06]} 30. Bc2
{[%clk 0:20:37]} b4 {[%clk 0:10:09]} 31. Rxc6 {[%clk 0:20:20]} Rb8
{[%clk 0:10:18]} 32. Rxb6 {[%clk 0:19:54]} Rxb6 {[%clk 0:10:18]} 33. Nxd5
{[%clk 0:20:03]} Ree6 {[%clk 0:09:51]} 34. Nxb6 {[%clk 0:20:11]} Rxb6
{[%clk 0:10:00]} 35. d5 {[%clk 0:20:14]} Rd6 {[%clk 0:09:38]} 36. Rd4
{[%clk 0:20:09]} a5 {[%clk 0:09:47]} 37. Kc1 {[%clk 0:20:11]} Kg7
{[%clk 0:09:41]} 38. Kd2 {[%clk 0:20:19]} f6 {[%clk 0:09:04]} 39. gxf6+
{[%clk 0:20:23]} Kxf6 {[%clk 0:09:12]} 40. Bb3 {[%clk 0:20:19]} Ke5
{[%clk 0:09:04]} 41. Rd3 {[%clk 0:20:27]} Ra6 {[%clk 0:08:03]} 42. d6
{[%clk 0:20:02]} Rxd6 {[%clk 0:07:31]} 43. Rxd6 {[%clk 0:20:10]} Kxd6
{[%clk 0:07:39]} 44. Kd3 {[%clk 0:20:19]} Kc5 {[%clk 0:07:44]} 45. Ba4 Kd5
{[%clk 0:07:43]} 46. b3 {[%clk 0:20:33]} Kc5 {[%clk 0:07:35]} 47. Ke4
{[%clk 0:20:42]} Kd6 {[%clk 0:07:06]} 48. Kd4 {[%clk 0:20:51]} Kc7
{[%clk 0:07:14]} 49. Kc5 {[%clk 0:20:59]} Kb7 {[%clk 0:07:17]} 50. Kb5
{[%clk 0:21:08]} Ka7 {[%clk 0:07:25]} 51. Kxa5 {[%clk 0:21:17]} 1-0